| 000 | 00599nam a2200217Ia 4500 | ||
|---|---|---|---|
| 001 | 36850 | ||
| 008 | 080101s1993 ii a g b000 u 465 u | ||
| 041 | _a465 | ||
| 082 | _a620.8 | ||
| 100 |
_aDubey, R.C, _eAuthor. |
||
| 245 | 0 |
_aA Text Book of Biotechnology / _cBy R.C.Dubey. _hTextual Documents |
|
| 250 | _a1st ed. / | ||
| 260 |
_aNew Delhi : _bS. Chand & Company , _c1993. |
||
| 300 |
_aviii,282p. : _bill ; _c22cm . |
||
| 500 | _aAcc No-90591 and 90592 Latest Ed. 2008. | ||
| 504 | _aIndex | ||
| 653 | _aG-Technology | ||
| 653 | _aBiotechnology | ||
| 653 | _aG-Botany | ||
| 942 |
_2ddc _cBK |
||
| 999 |
_c36832 _d36832 |
||